[Event "Sofia op 3rd"]
[Site "Sofia"]
[Date "2004.04.24"]
[Round "2.4"]
[White "Tsvetkov, Ludmil"]
[Black "Filev, Georgi"]
[Result "1-0"]
[WhiteElo "2160"]
[BlackElo "2305"]
[PlyCount "75"]
[EventDate "2004.04.23"]
[EventType "swiss"]
[EventRounds "6"]
[EventCountry "BUL"]
[SourceTitle "CBM 100 Extra"]
[Source "ChessBase"]
[SourceDate "2004.07.06"]
[SourceVersion "2"]
[SourceVersionDate "2004.07.06"]
[SourceQuality "1"]

1. d4 Nf6 2. c4 g6 3. Nc3 d5 4. cxd5 Nxd5 5. e4 Nxc3 6. bxc3 Bg7 7. Bc4 c5 8. Ne2 Nc6 9. Be3 0-0 10. 0-0 Bg4 11. f3 Na5 12. Bd3 cxd4 13. cxd4 Be6 14. Qd2 Nc4 15. Bxc4 Bxc4 16. Rfd1 Rc8 17. Rac1 Qd7 18. Ng3 Qa4 19. Rc2 Ba6 20. Rdc1 Rcd8 21. d5 h5 22. Rc7 Rfe8 23. Bc5 Bf6 24. f4 Bh4 25. Bd4 Rd7 26. f5 Bg5 27. Be3 Rxc7 28. Rxc7 Bxe3+ 29. Qxe3 Qd1+ 30. Kf2 h4 31. Ne2 Bxe2 32. Qxe2 Qh1 33. Qg4 Qxh2 34. Rxb7 Qd6 35. fxg6 Qf6+ 36. Qf5 Qd4+ 37. Kf3 Rf8 38. Kg4 1-0